000 00247nam a2200097Ia 4500
001 710318
005 20250826162746.0
008 250824s9999 xx 000 0 und d
245 0 _aGULYABANİ
_cHÜSEYİN RAHMİ GÜLPINAR
260 _bEVEREST YAYINLARI
999 _c710318
_d710318